| 000 | 00447nam a2200181Ia 4500 | ||
|---|---|---|---|
| 003 | GCL | ||
| 008 | 140319s9999 xx 000 0 eng d | ||
| 040 |
_aGCL / _cGCL |
||
| 082 | 0 | 4 |
_a709.38 _bW A |
| 100 | 1 | _aWOODFORD, SUSAN | |
| 245 | 1 | 0 |
_aTHE ART OF GREECE AND ROME / _cWOODFORD, SUSAN |
| 260 |
_a[S.N] : _bCAMLRIDGE UNIVERSITY PRESS |
||
| 300 | _a122 | ||
| 650 | 0 | 4 | _aARTS |
| 650 | 0 | 4 | _aART, ROMAN |
| 650 | 0 | 4 | _aART, GREEK |
| 942 |
_2ddc _cBK |
||
| 999 |
_c17452 _d17452 |
||